01015nam a22002417a 4500999001700000003000900017008004100026040007100067082001800138100002000156245002100176260005300197300002800250440004300278505018300321650003800504650003200542650002200574700005500596942001600651945000800667952009800675 c20735d20735AR-CdUCM190518b ||||| |||| 00| 0 spa d aMUNICIPALIDAD PROVINCIAL DEL CUSCOcBIBLIOTECA MUNICIPAL DEL CUSCO a616.89 /bL43 aLemkau, Paul V. aHigiene mental / aMéxico :bFondo de cultura económica,c1953. a394 páginas ;c26 cm. nSección de obras sociología943304 aContenido : En el lugar de la higiene mental en la sanidad pública -- En el campo de la higiene mental -- En el campo de la sanidad pública -- El desarrollo del individuo...  aEstados psicopatológicos943305 aMétodos de sanidad943306 aPsíquico941072 aPascual del Roncal, Federico (Traducción)943307 2ddccLIBROS arcc 002ddc4070aSCbSCcCARTd2019-06-04g25.00o616.89 / L43pSC0000002097r2019-06-04yLIBROS